Discipline, Grievance & Dismissal

Bibliographic Details
Main Author: Morris,Sue
Format: Book
Language:English
Published: Petaling Jaya : Pelanduk Publications , 1993
Subjects:

MARC

LEADER 00000cam a2200000 7i4500
001 0000031720
005 20101215.0
008 101215 eng
020 |a 9679784819 
090 0 0 |a 658.314 MOR 
100 1 |a Morris,Sue 
245 1 0 |a Discipline, Grievance & Dismissal   |c Sue Morris 
260 |a Petaling Jaya :   |b Pelanduk Publications ,   |c 1993 
300 |a 119p. :   |b ill. ;   |c 22cm. 
650 0 0 |a Labour Discipline 
999 |a 0000261474   |b Buku   |c Rak Terbuka   |e Perpustakaan Cawangan Jasin 
999 |a 0000309445   |b Buku   |c Rak Terbuka   |e Perpustakaan Cawangan Jasin